00373nam a2200121Ia 4500008004100000100001900041245001900060245002000079260000900099856005100108999001900159952007300178160531s9999 xx 000 0 und d aDubinsky, Zvy. aPhotosynthesis cby Zvy Dubinsky c2013 uhttp://www.intechopen.com/books/photosynthesis c295386d295386 001040aCLbCLd2016-05-31l0r2016-05-31 00:00:00w2016-05-31yCBE